Portales y su proyección histórica
Spremljeno u:
| Glavni autor: | |
|---|---|
| Format: | Knjiga |
| Jezik: | španjolski |
| Izdano: |
Santiago
Encina
1976
|
| Teme: | |
| Oznake: |
Dodaj oznaku
Bez oznaka, Budi prvi tko označuje ovaj zapis!
|
MARC
| LEADER | 00000cam a2200000 a 4500 | ||
|---|---|---|---|
| 001 | UCS2224 | ||
| 003 | CL-VaPUC | ||
| 008 | 970523e19760000CL |||||||||||||||||spa|d | ||
| 082 | 0 | 4 | |a 923.2 |b BEJ |2 21 |
| 100 | 0 | |a Bejares González, Hernán |e author |9 387389 | |
| 245 | 1 | 0 | |a Portales y su proyección histórica |
| 300 | |a 30 p | ||
| 942 | |c BK | ||
| 945 | |d 19970523 00:00:00 |a paguirre | ||
| 260 | |a Santiago |b Encina |c 1976 | ||
| 600 | 0 | |a Portales y Palazuelos, Diego, |d 1793-1837 |9 255516 | |
| 650 | 0 | |a Biografías |9 255210 | |
| 650 | 0 | |a Políticos |9 256302 | |
| 650 | 0 | |a Liderazgo político |9 341244 | |
| 650 | 0 | |a Poder político |9 255509 | |
| 651 | 7 | |a CHILE |2 CL-VaPUC |9 387390 | |
| 583 | |a last modification |c 20151021 10:26:02 |k Rodrigo Vera | ||
| 999 | |c 260202 |d 260200 | ||
| 952 | |0 0 |1 0 |4 0 |6 923_200000000000000_BEJ_1976 |7 0 |8 P |9 286102 |a BIBDER |b BIBDER |d 2019-11-19 |i 1859749 |o 923.2 BEJ 1976 |p 1859749 |r 2023-01-25 |w 2019-11-19 |y BK |k DER | ||
| 952 | |0 0 |1 0 |4 0 |6 923_200000000000000_BEJ_1976 |7 0 |8 A |9 286106 |a BIBHIS |b BIBHIS |d 2019-11-19 |i 1382683 |o 923.2 BEJ 1976 |p 1382683 |r 2025-01-20 |w 2019-11-19 |y BK |k HIS | ||
| 952 | |0 0 |1 0 |4 0 |6 923_200000000000000_BEJ_1976 |7 0 |8 A |9 286107 |a BIBHIS |b BIBHIS |d 2019-11-19 |i 1382691 |o 923.2 BEJ 1976 |p 1382691 |r 2025-01-20 |w 2019-11-19 |y BK |k HIS | ||
| 952 | |0 0 |1 0 |4 0 |6 923_200000000000000_BEJ_1976 |7 0 |8 A |9 286108 |a BIBHIS |b BIBHIS |d 2019-11-19 |i 1382705 |o 923.2 BEJ 1976 |p 1382705 |r 2025-01-20 |w 2019-11-19 |y BK |k HIS | ||
| 952 | |0 0 |1 0 |4 0 |6 923_200000000000000_BEJ_1976 |7 0 |8 A |9 286109 |a BIBHIS |b BIBHIS |d 2019-11-19 |i 1382713 |o 923.2 BEJ 1976 |p 1382713 |r 2025-01-20 |w 2019-11-19 |y BK |k HIS | ||
| 952 | |0 0 |1 0 |4 0 |6 923_200000000000000_BEJ_1976 |7 0 |8 A |9 286110 |a BIBHIS |b BIBHIS |d 2019-11-19 |i 1382721 |o 923.2 BEJ 1976 |p 1382721 |r 2025-01-20 |w 2019-11-19 |y BK |k HIS | ||
| 952 | |0 0 |1 0 |4 0 |6 923_200000000000000_BEJ_1976 |7 0 |8 A |9 286111 |a BIBHIS |b BIBHIS |d 2019-11-19 |i 138273K |o 923.2 BEJ 1976 |p 138273K |r 2025-01-20 |w 2019-11-19 |y BK |k HIS | ||
| 952 | |0 0 |1 0 |4 0 |6 923_200000000000000_BEJ_1976 |7 0 |8 A |9 286112 |a BIBHIS |b BIBHIS |d 2019-11-19 |i 1382748 |o 923.2 BEJ 1976 |p 1382748 |r 2025-01-20 |w 2019-11-19 |y BK |k HIS | ||
| 952 | |0 0 |1 0 |4 0 |6 923_200000000000000_BEJ_1976 |7 0 |8 A |9 286113 |a BIBHIS |b BIBHIS |d 2019-11-19 |i 1209116 |o 923.2 BEJ 1976 |p 1209116 |r 2025-01-20 |w 2019-11-19 |y BK |k HIS | ||
| 952 | |0 0 |1 0 |3 erb |4 0 |6 923_200000000000000_BEJ_1976 |7 0 |8 ? |9 286115 |a FDOBUD |b FDOBUD |i 5244234 |o 923.2 BEJ 1976 |p 5244234 |r 2019-11-19 |w 2019-11-19 |y BK |z Catalogado en:20151022 |k BUD | ||